Statistics for Swallows and Amazons

Click here to take the quiz!

General Stats

  • This quiz has been taken 71 times
  • The average score is 12 of 15

Answer Stats

QuestionAnswer% Correct
What picture is on the Amazon's flag?A skull and crossbones
96%
Who wrote Swallows and Amazons?Arthur Ransome
93%
What is Nancy and Peggy's real names?Ruth and Margaret
89%
Who sent the Swallows a telegram at the start of the book?Father
87%
What colour is Captain Flint's parrot?Green
87%
How do the Swallows capture the Amazon?It was left unguarded
87%
Who is the captain of the Swallow?John
87%
Who found the treasure?Titty and Roger
87%
Where do the Swallows get their milk from?Dixon's Farm
85%
Where do the Swallows find Captain Flint's treasure?Comorant Island
80%
What is the drink that the Swallows call 'grog'?Ginger beer
75%
In what year is Swallows and Amazons set?1929
73%
What creature does Roger think is in the lagoon?Octopus
73%
What colour is the Amazon's sail?White
62%
Who visits Wild Cat Island while the Swallows are away?Captain Flint
45%

Score Distribution

Percentile by Number Answered

Percent of People with Each Score

Your Score History

You have not taken this quiz